| 000 | 02601cam a22003495a 4500 | ||
|---|---|---|---|
| 001 | 15350258 | ||
| 005 | 20160211110727.0 | ||
| 008 | 080701t2009 mdu frb 001 0 eng d | ||
| 020 | _a9780739123782 (cloth : alk. paper) | ||
| 020 | _a0739123785 (cloth : alk. paper) | ||
| 040 |
_aDLC _cDLC _dYDX _dYDXCP _dBTCTA _dCDX _dBWX _dDLC _dEG-ScBUE _beng |
||
| 043 |
_aa------ _aew----- |
||
| 082 | 0 | 4 |
_a320.01 _222 _bWES |
| 245 | 0 | 0 |
_aWestern political thought in dialogue with Asia / _cedited by Takashi Shogimen and Cary J. Nederman. |
| 260 |
_aLanham : _bLexington Books / Rowman & Littlefield Publishers, _cc.2009. |
||
| 300 |
_avi, 330 p. ; _c24 cm. |
||
| 490 | 0 | _aGlobal encounters: studies in comparative political theory | |
| 500 | _aIndex : p. 321-236. | ||
| 504 | _aBibliography : p. 315-319. | ||
| 505 | 0 | _aComparative political theory : what is it good for? / Fred Dallmayr -- Toward a global history of political thought / Antony Black -- Varieties of dialogue : dialogical models of intercultural communication in medieval inter-religious writings / Cary J. Nederman -- Asia and the moral geography of European enlightenment political thought c. 1600-1800 / Bruce Buchan -- The ebb and flow of peoples, ideas and innovations in the river of inter-civilizational relations : toward a global history of political thought / Brett Bowden -- Viewing Islam through enlightenment eyes / Vicki A. Spencer -- Dealing with inequality : a conversation with Islamic economics / Philip Nel -- Islamic responses to Europe at the dawn of colonialism / Nelly Lahoud -- From political thought in India to Indian political thought / Anthony J. Parel -- Indian alternations : Aurobindo, Ambedkar and after / Makarand Paranjape -- Chinese conceptions of the state during the late Qing Dynasty (1860-1911) / Peter Zarrow -- Is there a Confucian perspective on social justice? / Joseph Chan -- Imagining the body politic : metaphor and political language in late medieval Europe and Tokugawa Japan / Takashi Shogimen -- Meiji intelligentsia's riposte / Alistair Swale. | |
| 650 | 0 |
_aPolitical science _zAsia _xHistory. _2BUEsh |
|
| 650 | 0 |
_aPolitical science _zEurope, Western _xHistory. _2BUEsh |
|
| 650 | 0 |
_aPolitical science _xPhilosophy. _2BUEsh |
|
| 650 | 7 |
_aComparative government. _2BUEsh _96707 |
|
| 650 | 7 |
_aGlobalization _xPolitical aspects. _2BUEsh _93902 |
|
| 651 | 0 |
_aEurope, Western _xRelations _zAsia. _2BUEsh |
|
| 651 | 0 |
_aAsia _xRelations _zEurope, Western. _2BUEsh |
|
| 653 |
_bBUSBOL _cJuly2015 _cFebruary2016 |
||
| 700 | 1 |
_aShogimen, Takashi, _d1967- |
|
| 700 | 1 | _aNederman, Cary J. | |
| 942 | _2ddc | ||
| 999 |
_c20242 _d20214 |
||